00443nam a2200169Ia 4500001001000000003000500010008004100015010001100056040000900067082001400076100001700090245006300107260004300170300001100213650002100224650002800245Para_7588CHAP220125s1994 xx 000 0 und d a206502 cCHAP aPA 632 O4 aOku, Hachiro aPlant pathogenesis and disease control /c by Hachiro Oku aBoca Raton, Flo. :b Lewis Publishers a193 p. aFitopatología  aPlantas x enfermedades